000 00613nam a22001935i 4500
001 68829
003 ES-MaACL
005 20251004063114.0
007 t|
008 960829s1842 fr ||||1| fre d
040 _aCAM
_bspa
_cCAM
100 1 _aGirardin, Émile de,
_d1806-1881
_957233
245 1 0 _aDe l'instruction publique en France
_b: ouvrage utile aux familles /
_cpar M. Emile de Girardin.
250 _a3e éd.
260 _aParis :
_bMairet et Fournier,
_c1842 (
_fImprimerie de Hennuyer et Turpin)
300 _a481 p. ;
_c18 cm.
852 _aES-MaACL
_jG-10315
999 _c68829
_d68829